|
|
|
|
| LEADER |
00000cam a2200000 7i4500 |
| 001 |
0000021153 |
| 005 |
20091022.0 |
| 008 |
071205 |
| 020 |
|
|
|a 9789839187120
|
| 040 |
|
|
|a INS
|
| 090 |
0 |
0 |
|a JS7163.A3
|b M35 2007
|
| 110 |
1 |
|
|a Malaysia
|c Jabatan Perkhidmatan Awam Malaysia
|
| 245 |
1 |
0 |
|a Budaya kerja kelas pertama
|c Bahagian Perkhidmatan Psikologi
|
| 260 |
|
|
|a Putrajaya :
|b Jabatan Perkhidmatan Awam Malaysia ,
|c 2007
|
| 300 |
|
|
|a vii, 36ms. :
|b il.wrn. ;
|c 21cm.
|
| 650 |
0 |
0 |
|a Civil service
|x Ethics
|
| 650 |
0 |
0 |
|a Work ethic
|z Malaysia
|
| 999 |
|
|
|a 0000019668
|b BOOK
|c Open Shelf
|e Default branch
|